<?xml version="1.0" encoding="UTF-8"?>
<collection xmlns="http://www.loc.gov/MARC21/slim">
  <record>
    <leader>00000nam  2200000   4500</leader>
    <datafield tag="247" ind1="#" ind2="#">
      <subfield code="a"/>
    </datafield>
    <datafield tag="856" ind1="#" ind2="#">
      <subfield code="a"/>
    </datafield>
    <datafield tag="700" ind1=" " ind2="#">
      <subfield code="a"/>
    </datafield>
    <datafield tag="650" ind1=" " ind2="#">
      <subfield code="a">Projek Penguatan Profil Pelajar Pancasila</subfield>
    </datafield>
    <datafield tag="520" ind1=" " ind2="#">
      <subfield code="a">Di jenjang pendidikan madrasah, pembinaan generasi muda yang berkualitas ini dilakukan melalui program P5RA (Projek Penguatan Profil Pelajar Pancasila Rahmatan Lil Alamin). Sebagai upaya membangun sikap dan perilaku yang mencerminkan nilai-nilai luhur Pancasila yang universal dan menjunjung tinggi toleransi. SISDALAK P5RA ini memiliki dua misi utama, yakni untuk memudahkan guru dalam pelaksanaan P5RA dan menjamin P5RA efektif mencapai tujuan. Program ini mendapatkan dukungan dari berbagai pihak yang piloringnya dimulai dari Kota Surakarta, Jawa Tengah dan diproyeksikan untuk bisa digunakan di semua madrah secara nasional.</subfield>
    </datafield>
    <datafield tag="321" ind1="#" ind2="#">
      <subfield code="a"/>
    </datafield>
    <datafield tag="310" ind1="#" ind2="#">
      <subfield code="a"/>
    </datafield>
    <datafield tag="300" ind1="#" ind2="#">
      <subfield code="a">vii, 53 hlm. :</subfield>
      <subfield code="b">ill. ;</subfield>
      <subfield code="c">30 cm</subfield>
      <subfield code="e"/>
    </datafield>
    <datafield tag="260" ind1="#" ind2="#">
      <subfield code="a">Jakarta :</subfield>
      <subfield code="b">Pusbangkom Pimnas dan Manajerial ASN. ;</subfield>
      <subfield code="c">2024</subfield>
    </datafield>
    <controlfield tag="001">$a INLIS000000000020853</controlfield>
    <datafield tag="245" ind1="#" ind2="#">
      <subfield code="a">Sistem Pengendalian Pelaksanaan Projek Penguatan Profil Pelajar Pancasila Rahmatan Lil Alamin (Sisdalak P5RA) Di Lingkungan Madrasah Kementerian Agama</subfield>
      <subfield code="b"/>
      <subfield code="c">Mustain Ahmad</subfield>
    </datafield>
    <datafield tag="100" ind1=" " ind2="#">
      <subfield code="a">Mustain Ahmad</subfield>
    </datafield>
    <datafield tag="084" ind1="#" ind2="#">
      <subfield code="a">R 0068 PKN I 2024</subfield>
    </datafield>
    <datafield tag="082" ind1="#" ind2="#">
      <subfield code="a"/>
    </datafield>
    <datafield tag="035" ind1="#" ind2="#">
      <subfield code="a">0010-0426000010</subfield>
    </datafield>
    <datafield tag="020" ind1="#" ind2="#">
      <subfield code="a"/>
    </datafield>
    <controlfield tag="008">$a 260413################g##########0#ind##</controlfield>
    <controlfield tag="005">$a 20260413144003</controlfield>
  </record>
</collection>
